000 00628nam a2200205 i 4500
001 86641
003 ES-MaACL
005 20250506135626.0
007 t|
008 041214q1930 gw ||||1| ger d
100 1 _aKautsky, Karl.
_967661
245 1 0 _aDelbrück und Wilhelm II
_b: ein Nachwort zu meinem Kriegsbuch /
_cKarl Kautsky.
260 _aBerlín :
_bE. Berger,
_c[ca. 1930]
300 _a55 p. ;
_c23 cm.
600 1 4 _aDelbrück, Hans.
_943349
600 0 4 _aGuillermo II,
_cEmperador de Alemania
_960805
650 4 _aGuerra mundial, 1914-1918.
_913212
852 _aES-MaACL
_j1652-F-18
999 _c86641
_d86641